000
00273nam a22001337a 4500
008
181105b xxu||||| |||| 00| 0 eng d
020
_a
0534394124
041
_a
eng
080
_a
316
100
_a
50
101
_a
SOC
245
_a
Calculus
_c
Tan, S.T
942
_2
udc
_c
BK
999
_c
51902
_d
51902